Minimum distance methods based on quadratic distances for transforms in simple linear regression models.

Určenie odhadu minimálnej vzdialenosti a štatistika testu, založená na kvadratických vzdialenostiach. Odvodenie asymptotických vlastností odhadu i štatistiky. Za istých okolností možno nájsť efektívnu modifikáciu odhadu kvadratickej vzdialenosti.

Na minha lista:
Detalhes bibliográficos
Autor principal: Luong, A.
Formato: Capítulo de Livro
Idioma:inglês
Assuntos:
Tags: Adicionar Tag
Sem tags, seja o primeiro a adicionar uma tag!

MARC

LEADER 00000naa a2200000 4500
001 r006181
005 20221213085106.7
041 0 |a eng 
044 |a GB 
245 1 0 |a Minimum distance methods based on quadratic distances for transforms in simple linear regression models.  |c A. Luong 
520 |a Určenie odhadu minimálnej vzdialenosti a štatistika testu, založená na kvadratických vzdialenostiach. Odvodenie asymptotických vlastností odhadu i štatistiky. Za istých okolností možno nájsť efektívnu modifikáciu odhadu kvadratickej vzdialenosti. 
610 2 0 |a odhad štatistický 
610 2 0 |a metódy štatistické 
100 1 |a Luong, A.